Twitter y la bs︢queda de empleo

Bibliographic Details
Main Author: Collado Vz̀quez, Francisco Još
Format: eBook
Language:Spanish
Published: Madrid : Dykinson, 2012
Subjects:
Online Access:http://www.vlex.com/source/7010

MARC

LEADER 00000nam a22000007a 4500
005 20130221170547.0
007 cr|||| ||||
008 130221e2012 sp |||||s|||| 00| 0 spa d
020 |a 978-84-9031-229-2 
035 |a 7010 
040 |a vLex 
090 |c 3700  |d 3700 
100 1 0 |a Collado Vz̀quez, Francisco Još 
245 1 0 |a Twitter y la bs︢queda de empleo  |h [Recurso electrn̤ico] 
256 |a Servicio en ln̕ea 
260 |a Madrid :  |b Dykinson,   |c 2012 
300 |a 1 Recurso electrn̤ico 
650 0 4 |a Informt̀ica 
650 0 4 |a Redes sociales 
650 0 4 |a Empleo 
740 |a vLex Libros (Servicio en ln̕ea) 
856 |a Acceso restringido  |u http://www.vlex.com/source/7010 
942 |c BOOK 
999 0 |a Computer science